Developing Communication Skills (Record no. 307884)

MARC details
000 -LEADER
fixed length control field 00402nam a2200157Ia 4500
008 - FIXED-LENGTH DATA ELEMENTS--GENERAL INFORMATION
fixed length control field 230718s9999 xx 000 0 und d
041 ## - LANGUAGE CODE
Language code of text/sound track or separate title eng
082 ## - DEWEY DECIMAL CLASSIFICATION NUMBER
Classification number 372.6
Item number MOH
100 ## - MAIN ENTRY--PERSONAL NAME
Personal name Mohan K.
245 ## - TITLE STATEMENT
Title Developing Communication Skills
260 ## - PUBLICATION, DISTRIBUTION, ETC. (IMPRINT)
Date of publication, distribution, etc. 2004
Name of publisher, distributor, etc. Macmillan
300 ## - PHYSICAL DESCRIPTION
Extent 295
365 ## - TRADE PRICE
Currency code Rs.
Price amount 135.00
700 ## - ADDED ENTRY--PERSONAL NAME
Personal name Mohan K. & Banerjee M.
906 ## - LOCAL DATA ELEMENT F, LDF (RLIN)
d B:366/14.07.200428-Aug-2005
c OTH
b 27
Holdings
Withdrawn status Lost status Damaged status Not for loan Home library Current library Date acquired Vendor Budget Code Cost, normal purchase price Bill number Total Checkouts Full call number Barcode Date last seen Date last checked out Discount Cost, replacement price Bill Date Koha item type Original Barcode
        Cummins College of Engineering for Women Pune Cummins College of Engineering for Women Pune 20/07/2004 Computer Hut OTH 108.00 366/14.07.2004 1 372.6 CCEP-BK-19091 28/12/2023 05/12/2023 27 135.00 20/07/2004 Books 019091